000 00531nam a2200193 a 4500
001 1770284920030
003 YourLibrary
005 20260205152336.0
008 260205s2000##################000#0#eng##
020 _a9781840641660
082 0 4 _a332.494
_bVAN
100 1 _aBergeijk, Peter A. G. van,
_eauthor.
245 1 0 _aThe Economics of the Euro Area :
260 _bEdward Elgar Publishing,
_c2000.
300 _a304 pages
650 0 _aBusiness & Economics.
942 _cENGLISH
040 _aYourLibrary
_beng
_cYourLibrary
999 _c610336
_d610336